[Event "Team Championship of Russia (rapid)"]
[Site "Sochi"]
[Date "2015.05.09"]
[Round "5.36"]
[White "Anikonov, Dmitry"]
[Black "Konaplev, Anton"]
[Result "1-0"]
[LiveChessVersion "1.4.4"]
[BlackElo "2033"]
[WhiteElo "2330"]
[BlackTeam "SHK Rakita"]

1. d4 {[%clk 0:15:19]} d5 {[%clk 0:15:18]} 2. c4 {[%clk 0:15:28]} e6
{[%clk 0:15:27]} 3. Nc3 {[%clk 0:15:36]} c6 {[%clk 0:15:36]} 4. Nf3
{[%clk 0:15:42]} dxc4 {[%clk 0:15:44]} 5. g3 {[%clk 0:15:48]} b5 {[%clk 0:15:51]}
6. Bg2 {[%clk 0:15:58]} Bb7 {[%clk 0:15:59]} 7. Ne5 {[%clk 0:15:56]} Qc8
{[%clk 0:15:27]} 8. a4 {[%clk 0:15:43]} f6 {[%clk 0:15:08]} 9. e4
{[%clk 0:12:33]} fxe5 {[%clk 0:13:54]} 10. Qh5+ {[%clk 0:12:42]} Kd8
{[%clk 0:13:37]} 11. dxe5 {[%clk 0:11:31]} b4 {[%clk 0:12:10]} 12. Ne2
{[%clk 0:09:57]} Ne7 {[%clk 0:08:03]} 13. Bg5 {[%clk 0:08:04]} Kc7
{[%clk 0:06:23]} 14. Qf7 {[%clk 0:07:34]} Qd7 {[%clk 0:06:16]} 15. Nf4
{[%clk 0:05:28]} Nd5 {[%clk 0:01:59]} 16. Nxe6+ {[%clk 0:05:21]} Kb6
{[%clk 0:01:21]} 17. a5+ {[%clk 0:05:19]} Kb5 {[%clk 0:00:54]} 18. Qxd7
{[%clk 0:05:20]} Nxd7 {[%clk 0:01:00]} 19. exd5 {[%clk 0:05:29]} cxd5
{[%clk 0:00:36]} 20. Nc7+ {[%clk 0:04:06]} Kc5 {[%clk 0:00:37]} 21. Nxa8
{[%clk 0:03:26]} Bxa8 {[%clk 0:00:44]} 22. Be3+ {[%clk 0:03:35]} d4
{[%clk 0:00:35]} 23. Bxd4+ {[%clk 0:03:24]} Kxd4 {[%clk 0:00:44]} 24. O-O-O+
{[%clk 0:03:32]} Kxe5 {[%clk 0:00:30]} 25. Bxa8 {[%clk 0:03:32]} Nc5
{[%clk 0:00:28]} 26. Rd8 {[%clk 0:03:06]} g6 {[%clk 0:00:27]} 27. f4+
{[%clk 0:03:08]} Kf6 {[%clk 0:00:26]} 28. Bd5 {[%clk 0:02:59]} Nb3+
{[%clk 0:00:21]} 29. Kb1 {[%clk 0:02:46]} Nxa5 {[%clk 0:00:26]} 30. Re1
{[%clk 0:02:34]} Bg7 {[%clk 0:00:28]} 31. Rd6+ {[%clk 0:02:35]} Kf5
{[%clk 0:00:26]} 32. Be6+ {[%clk 0:02:38]} Kf6 {[%clk 0:00:33]} 33. Bxc4+
{[%clk 0:02:45]} Kf5 {[%clk 0:00:40]} 34. Rd5+ {[%clk 0:02:53]} Kg4
{[%clk 0:00:48]} 35. Rxa5 {[%clk 0:02:49]} Rd8 {[%clk 0:00:53]} 36. Rd5
{[%clk 0:02:36]} Rc8 {[%clk 0:00:56]} 37. b3 {[%clk 0:02:44]} Rc7
{[%clk 0:01:01]} 38. Re3 {[%clk 0:02:49]} Kh3 {[%clk 0:01:07]} 39. Rd2
{[%clk 0:02:55]} Bc3 {[%clk 0:01:11]} 40. Be6# {[%clk 0:03:04]} 1-0

[Event "Team Championship of Russia (rapid)"]
[Site "Sochi"]
[Date "2015.05.09"]
[Round "6.1"]
[White "Nepomniachtchi, Ian"]
[Black "Malakhov, Vladimir"]
[Result "1/2-1/2"]
[LiveChessVersion "1.4.4"]
[BlackElo "2729"]
[WhiteElo "2700"]
[BlackTeam "Malachite"]
[WhiteTeam "SHSM-Our Heritage-1"]

1. c4 {[%clk 0:15:18]} c6 {[%clk 0:14:53]} 2. Nf3 {[%clk 0:15:25]} d5
{[%clk 0:15:01]} 3. e3 {[%clk 0:15:34]} Nf6 {[%clk 0:15:08]} 4. Nc3
{[%clk 0:15:42]} a6 {[%clk 0:15:17]} 5. Qc2 {[%clk 0:15:28]} g6 {[%clk 0:15:21]}
6. d4 {[%clk 0:15:37]} Bg7 {[%clk 0:15:28]} 7. Bd3 {[%clk 0:15:34]} O-O
{[%clk 0:15:35]} 8. O-O {[%clk 0:15:42]} Bg4 {[%clk 0:15:43]} 9. Ne5
{[%clk 0:15:49]} Be6 {[%clk 0:15:51]} 10. b3 {[%clk 0:15:47]} c5 {[%clk 0:15:48]}
11. cxd5 {[%clk 0:14:22]} Nxd5 {[%clk 0:15:55]} 12. Nxd5 {[%clk 0:14:12]} Bxd5
{[%clk 0:16:00]} 13. Qxc5 {[%clk 0:10:04]} Bxe5 {[%clk 0:16:05]} 14. dxe5
{[%clk 0:10:13]} Bxg2 {[%clk 0:16:12]} 15. Rd1 {[%clk 0:09:56]} Nd7
{[%clk 0:16:11]} 16. Qd4 {[%clk 0:09:46]} Bf3 {[%clk 0:16:19]} 17. Rd2
{[%clk 0:09:40]} e6 {[%clk 0:16:27]} 18. Qf4 {[%clk 0:09:47]} Bc6
{[%clk 0:16:12]} 19. Bb2 {[%clk 0:09:29]} Nc5 {[%clk 0:12:49]} 20. Bxg6
{[%clk 0:09:05]} 1/2-1/2

[Event "Team Championship of Russia (rapid)"]
[Site "Sochi"]
[Date "2015.05.09"]
[Round "6.2"]
[White "Riazantsev, Alexander"]
[Black "Najer, Evgeniy"]
[Result "1/2-1/2"]
[LiveChessVersion "1.4.4"]
[BlackElo "2667"]
[WhiteElo "2605"]
[BlackTeam "SHSM-Our Heritage-1"]
[WhiteTeam "Malachite"]

1. d4 {[%clk 0:15:18]} d5 {[%clk 0:14:56]} 2. c4 {[%clk 0:15:27]} c6
{[%clk 0:15:05]} 3. Nf3 {[%clk 0:15:36]} Nf6 {[%clk 0:15:14]} 4. e3
{[%clk 0:15:45]} Bg4 {[%clk 0:15:19]} 5. h3 {[%clk 0:15:54]} Bh5 {[%clk 0:15:28]}
6. g4 {[%clk 0:16:03]} Bg6 {[%clk 0:15:37]} 7. Ne5 {[%clk 0:16:12]} e6
{[%clk 0:15:44]} 8. Nxg6 {[%clk 0:16:21]} hxg6 {[%clk 0:15:53]} 9. Bg2
{[%clk 0:16:30]} Nbd7 {[%clk 0:15:59]} 10. Qd3 {[%clk 0:16:39]} Qa5+
{[%clk 0:14:48]} 11. Nd2 {[%clk 0:15:53]} dxc4 {[%clk 0:14:55]} 12. Qxc4
{[%clk 0:15:49]} Bd6 {[%clk 0:15:04]} 13. a3 {[%clk 0:14:43]} e5 {[%clk 0:12:53]}
14. b4 {[%clk 0:12:23]} Qc7 {[%clk 0:13:01]} 15. Bb2 {[%clk 0:12:27]} exd4
{[%clk 0:12:32]} 16. Bxd4 {[%clk 0:12:23]} O-O {[%clk 0:10:51]} 17. O-O
{[%clk 0:11:39]} Bh2+ {[%clk 0:10:56]} 18. Kh1 {[%clk 0:11:49]} Be5
{[%clk 0:11:05]} 19. Nb3 {[%clk 0:10:32]} Bxd4 {[%clk 0:10:25]} 20. Qxd4
{[%clk 0:10:09]} Rfd8 {[%clk 0:10:16]} 21. Qf4 {[%clk 0:07:40]} Qxf4
{[%clk 0:09:49]} 22. exf4 {[%clk 0:07:49]} Nf8 {[%clk 0:09:55]} 23. Nc5
{[%clk 0:05:42]} b6 {[%clk 0:09:44]} 24. Ne4 {[%clk 0:04:24]} Nd5
{[%clk 0:09:28]} 25. f5 {[%clk 0:03:34]} gxf5 {[%clk 0:09:36]} 26. gxf5
{[%clk 0:03:44]} Nf4 {[%clk 0:04:11]} 27. Rac1 {[%clk 0:03:46]} Rac8
{[%clk 0:03:03]} 28. Rfd1 {[%clk 0:03:33]} Rxd1+ {[%clk 0:03:11]} 29. Rxd1
{[%clk 0:03:42]} c5 {[%clk 0:03:20]} 30. bxc5 {[%clk 0:03:32]} bxc5
{[%clk 0:03:29]} 31. Bf1 {[%clk 0:03:25]} Rc7 {[%clk 0:02:17]} 32. h4
{[%clk 0:01:41]} Re7 {[%clk 0:01:53]} 33. f3 {[%clk 0:01:21]} Re5
{[%clk 0:01:44]} 34. Rd8 {[%clk 0:01:15]} Rxf5 {[%clk 0:01:40]} 35. Ra8
{[%clk 0:01:24]} N4g6 {[%clk 0:01:22]} 36. Rxa7 {[%clk 0:00:21]} Rxf3
{[%clk 0:01:22]} 37. Bg2 {[%clk 0:00:20]} Rf4 {[%clk 0:01:04]} 38. Nxc5
{[%clk 0:00:21]} Nxh4 {[%clk 0:01:03]} 39. Ra8 {[%clk 0:00:30]} Rd4
{[%clk 0:01:04]} 1/2-1/2

[Event "Team Championship of Russia (rapid)"]
[Site "Sochi"]
[Date "2015.05.09"]
[Round "6.3"]
[White "Grachev, Boris"]
[Black "Motylev, Alexander"]
[Result "1/2-1/2"]
[LiveChessVersion "1.4.4"]
[BlackElo "2431"]
[WhiteElo "2665"]
[BlackTeam "Malachite"]
[WhiteTeam "SHSM-Our Heritage-1"]

1. d4 {[%clk 0:15:18]} d5 {[%clk 0:15:19]} 2. Bf4 {[%clk 0:15:13]} Nf6
{[%clk 0:15:20]} 3. e3 {[%clk 0:15:22]} c5 {[%clk 0:15:26]} 4. c3
{[%clk 0:15:32]} cxd4 {[%clk 0:15:30]} 5. exd4 {[%clk 0:15:40]} Bf5
{[%clk 0:15:27]} 6. Qb3 {[%clk 0:15:05]} Qc8 {[%clk 0:15:29]} 7. Nf3
{[%clk 0:13:54]} Nc6 {[%clk 0:15:25]} 8. Nbd2 {[%clk 0:13:57]} e6
{[%clk 0:15:09]} 9. Be2 {[%clk 0:14:04]} h6 {[%clk 0:15:07]} 10. h3
{[%clk 0:14:00]} Be7 {[%clk 0:15:11]} 11. O-O {[%clk 0:13:41]} O-O
{[%clk 0:15:19]} 12. Rfe1 {[%clk 0:13:44]} a6 {[%clk 0:13:46]} 13. a4
{[%clk 0:13:50]} Nd7 {[%clk 0:13:15]} 14. Bf1 {[%clk 0:13:31]} Re8
{[%clk 0:13:22]} 15. Rac1 {[%clk 0:13:12]} Na5 {[%clk 0:11:46]} 16. Qa2
{[%clk 0:13:02]} Nb6 {[%clk 0:11:42]} 17. b4 {[%clk 0:11:44]} Nac4
{[%clk 0:11:22]} 18. a5 {[%clk 0:11:48]} Nxd2 {[%clk 0:11:25]} 19. Nxd2
{[%clk 0:11:54]} Nd7 {[%clk 0:11:34]} 20. Nb3 {[%clk 0:11:38]} Nb8
{[%clk 0:10:45]} 21. Nc5 {[%clk 0:10:26]} Nc6 {[%clk 0:10:30]} 22. Na4
{[%clk 0:10:09]} Bd8 {[%clk 0:10:39]} 23. Qd2 {[%clk 0:10:01]} Qd7
{[%clk 0:10:32]} 24. Nc5 {[%clk 0:10:05]} Qc8 {[%clk 0:10:06]} 25. Ra1
{[%clk 0:09:37]} Bc7 {[%clk 0:09:30]} 26. Bxc7 {[%clk 0:08:15]} Qxc7
{[%clk 0:09:39]} 27. Bd3 {[%clk 0:08:25]} Bxd3 {[%clk 0:08:25]} 28. Qxd3
{[%clk 0:08:33]} Na7 {[%clk 0:08:31]} 29. Re5 {[%clk 0:06:53]} Nb5
{[%clk 0:08:35]} 30. Rae1 {[%clk 0:06:47]} Nd6 {[%clk 0:08:41]} 31. Qg3
{[%clk 0:05:35]} Rac8 {[%clk 0:08:08]} 32. Rh5 {[%clk 0:04:58]} g6
{[%clk 0:07:16]} 33. Rhe5 {[%clk 0:03:16]} Nc4 {[%clk 0:07:14]} 34. R5e2
{[%clk 0:03:21]} Qxg3 {[%clk 0:07:21]} 35. fxg3 {[%clk 0:03:30]} Nd6
{[%clk 0:05:20]} 36. g4 {[%clk 0:03:20]} Kg7 {[%clk 0:05:04]} 37. Re3
{[%clk 0:03:14]} Rc6 {[%clk 0:05:09]} 38. Kh2 {[%clk 0:03:06]} Ra8
{[%clk 0:05:07]} 39. Ra1 {[%clk 0:02:55]} Rh8 {[%clk 0:04:39]} 40. Rf1
{[%clk 0:02:33]} Rhc8 {[%clk 0:04:24]} 41. Ref3 {[%clk 0:01:28]} 1/2-1/2

[Event "Team Championship of Russia (rapid)"]
[Site "Sochi"]
[Date "2015.05.09"]
[Round "6.4"]
[White "Khismatullin, Denis"]
[Black "Inarkiev, Ernesto"]
[Result "0-1"]
[LiveChessVersion "1.4.4"]
[BlackElo "2611"]
[WhiteElo "2611"]
[BlackTeam "SHSM-Our Heritage-1"]

1. d4 {[%clk 0:15:19]} Nf6 {[%clk 0:15:18]} 2. c4 {[%clk 0:15:27]} e6
{[%clk 0:15:27]} 3. Nc3 {[%clk 0:15:26]} d5 {[%clk 0:15:35]} 4. cxd5
{[%clk 0:15:27]} exd5 {[%clk 0:15:43]} 5. Bg5 {[%clk 0:15:35]} c6
{[%clk 0:15:52]} 6. e3 {[%clk 0:15:43]} Be7 {[%clk 0:15:54]} 7. Bd3
{[%clk 0:15:49]} Nbd7 {[%clk 0:16:02]} 8. Nf3 {[%clk 0:15:38]} Ne4
{[%clk 0:15:42]} 9. Bf4 {[%clk 0:15:03]} Ndf6 {[%clk 0:15:50]} 10. O-O
{[%clk 0:15:00]} O-O {[%clk 0:14:54]} 11. Qc2 {[%clk 0:14:52]} Bf5
{[%clk 0:14:54]} 12. h3 {[%clk 0:12:33]} Nxc3 {[%clk 0:11:25]} 13. bxc3
{[%clk 0:11:13]} Bxd3 {[%clk 0:11:33]} 14. Qxd3 {[%clk 0:11:22]} Bd6
{[%clk 0:11:20]} 15. Bg5 {[%clk 0:10:31]} h6 {[%clk 0:11:28]} 16. Bxf6
{[%clk 0:10:22]} Qxf6 {[%clk 0:11:36]} 17. c4 {[%clk 0:10:26]} Qe6
{[%clk 0:10:13]} 18. Rfc1 {[%clk 0:09:51]} f5 {[%clk 0:10:00]} 19. Qb3
{[%clk 0:08:24]} Rf7 {[%clk 0:08:37]} 20. Rab1 {[%clk 0:06:59]} Raf8
{[%clk 0:07:25]} 21. cxd5 {[%clk 0:04:46]} cxd5 {[%clk 0:07:34]} 22. Rc3
{[%clk 0:04:02]} g5 {[%clk 0:06:27]} 23. Rd1 {[%clk 0:02:59]} Rd8
{[%clk 0:04:22]} 24. Rcd3 {[%clk 0:02:22]} Rfd7 {[%clk 0:04:31]} 25. Qb2
{[%clk 0:01:21]} Re7 {[%clk 0:04:35]} 26. Qb3 {[%clk 0:01:24]} Red7
{[%clk 0:04:44]} 27. Qb2 {[%clk 0:01:10]} Re7 {[%clk 0:04:11]} 28. g3
{[%clk 0:01:15]} Qe4 {[%clk 0:03:06]} 29. Ne5 {[%clk 0:00:52]} Bxe5
{[%clk 0:02:52]} 30. dxe5 {[%clk 0:01:01]} Qxe5 {[%clk 0:03:01]} 31. Qa3
{[%clk 0:01:00]} b6 {[%clk 0:02:32]} 32. Rd4 {[%clk 0:00:23]} Rdd7
{[%clk 0:02:22]} 33. Qb3 {[%clk 0:00:26]} Kh7 {[%clk 0:01:21]} 34. Rxd5
{[%clk 0:00:33]} Rxd5 {[%clk 0:01:30]} 35. Rxd5 {[%clk 0:00:42]} Qe6
{[%clk 0:01:40]} 36. Qd3 {[%clk 0:00:24]} Qe4 {[%clk 0:01:49]} 37. Qd1
{[%clk 0:00:22]} Rc7 {[%clk 0:01:01]} 38. Rd4 {[%clk 0:00:23]} Qc6
{[%clk 0:01:09]} 39. Qd3 {[%clk 0:00:19]} Qf3 {[%clk 0:01:18]} 40. Rd7+
{[%clk 0:00:22]} Rxd7 {[%clk 0:01:26]} 41. Qxd7+ {[%clk 0:00:31]} Kg6
{[%clk 0:01:35]} 42. Qe6+ {[%clk 0:00:27]} Kg7 {[%clk 0:01:42]} 43. Qe7+
{[%clk 0:00:34]} Kg6 {[%clk 0:01:51]} 44. Qxa7 Qc6 {[%clk 0:01:11]} 45. Qa6
{[%clk 0:00:32]} Qc1+ {[%clk 0:00:27]} 46. Kg2 {[%clk 0:00:31]} Qc6+
{[%clk 0:00:36]} 47. Kg1 {[%clk 0:00:25]} h5 {[%clk 0:00:45]} 48. Qd3
{[%clk 0:00:26]} g4 {[%clk 0:00:35]} 49. h4 {[%clk 0:00:27]} b5 {[%clk 0:00:44]}
50. Qd8 {[%clk 0:00:27]} Qc1+ {[%clk 0:00:37]} 51. Kh2 {[%clk 0:00:21]} Qc2
{[%clk 0:00:46]} 52. Qg5+ {[%clk 0:00:17]} Kf7 {[%clk 0:00:55]} 53. Kg2
{[%clk 0:00:17]} Qc6+ {[%clk 0:01:04]} 54. Kg1 {[%clk 0:00:24]} Qc1+
{[%clk 0:01:13]} 55. Kh2 {[%clk 0:00:34]} Qc2 {[%clk 0:01:22]} 56. Qf4
{[%clk 0:00:33]} Ke6 {[%clk 0:01:25]} 57. a3 {[%clk 0:00:35]} Kd7
{[%clk 0:00:37]} 58. Qd4+ {[%clk 0:00:37]} Kc6 {[%clk 0:00:36]} 59. Qf6+
{[%clk 0:00:31]} Kb7 {[%clk 0:00:41]} 60. Kg2 {[%clk 0:00:25]} Qe4+
{[%clk 0:00:43]} 61. Kg1 {[%clk 0:00:30]} Qb1+ {[%clk 0:00:52]} 62. Kh2
{[%clk 0:00:39]} Qc2 {[%clk 0:01:01]} 63. Qe7+ {[%clk 0:00:32]} Ka6
{[%clk 0:00:53]} 64. Qd6+ {[%clk 0:00:27]} Ka5 {[%clk 0:00:59]} 65. Qb4+
{[%clk 0:00:21]} Ka6 {[%clk 0:01:09]} 66. Kg2 {[%clk 0:00:22]} Qc6+
{[%clk 0:01:14]} 67. Kf1 {[%clk 0:00:25]} Qc1+ {[%clk 0:00:34]} 68. Ke2
{[%clk 0:00:30]} Qc2+ {[%clk 0:00:43]} 69. Qd2 {[%clk 0:00:36]} Qe4
{[%clk 0:00:38]} 70. Qd3 {[%clk 0:00:36]} Qf3+ {[%clk 0:00:39]} 71. Ke1
{[%clk 0:00:43]} Qh1+ {[%clk 0:00:46]} 72. Kd2 {[%clk 0:00:46]} Qf3
{[%clk 0:00:54]} 73. Qe2 {[%clk 0:00:31]} Qd5+ {[%clk 0:00:46]} 74. Qd3
{[%clk 0:00:26]} Qf3 {[%clk 0:00:55]} 75. Qd6+ {[%clk 0:00:35]} Ka5
{[%clk 0:00:57]} 76. Qf4 {[%clk 0:00:34]} Qd5+ {[%clk 0:01:05]} 77. Qd4
{[%clk 0:00:41]} Qa2+ {[%clk 0:00:54]} 78. Ke1 {[%clk 0:00:47]} Qxa3
{[%clk 0:00:59]} 79. Qa7+ {[%clk 0:00:47]} Kb4 {[%clk 0:01:06]} 80. Qd4+
{[%clk 0:00:37]} Kb3 {[%clk 0:00:48]} 81. Qd5+ {[%clk 0:00:40]} Ka4
{[%clk 0:00:54]} 82. Qxf5 Qc1+ {[%clk 0:00:47]} 83. Ke2 {[%clk 0:00:35]} b4
{[%clk 0:00:56]} 84. Qd7+ {[%clk 0:00:35]} Ka3 {[%clk 0:01:02]} 85. Qd3+
{[%clk 0:00:18]} b3 {[%clk 0:01:06]} 86. Qd6+ {[%clk 0:00:25]} Ka2
{[%clk 0:01:14]} 87. Qa6+ {[%clk 0:00:31]} Kb1 {[%clk 0:01:17]} 88. e4
{[%clk 0:00:25]} Qc3 {[%clk 0:01:07]} 89. Kf1 {[%clk 0:00:16]} b2
{[%clk 0:01:12]} 90. e5 {[%clk 0:00:19]} Kc1 {[%clk 0:00:30]} 91. Qh6+
{[%clk 0:00:26]} Kd1 {[%clk 0:00:33]} 92. Qg6 {[%clk 0:00:18]} Qc2
{[%clk 0:00:27]} 93. Qd6+ {[%clk 0:00:21]} Qd2 {[%clk 0:00:36]} 94. Qg6
{[%clk 0:00:26]} Qe1+ {[%clk 0:00:26]} 95. Kg2 {[%clk 0:00:34]} Qxe5
{[%clk 0:00:29]} 96. Qd3+ {[%clk 0:00:31]} Kc1 {[%clk 0:00:36]} 97. Qc4+
{[%clk 0:00:34]} Kd2 {[%clk 0:00:45]} 98. Qb4+ {[%clk 0:00:25]} Qc3
{[%clk 0:00:53]} 99. Qf4+ {[%clk 0:00:26]} Kd1 {[%clk 0:00:49]} 100. Qa4+
{[%clk 0:00:25]} Kc1 {[%clk 0:00:51]} 101. Qf4+ {[%clk 0:00:33]} Kc2
{[%clk 0:00:41]} 102. Qa4+ {[%clk 0:00:29]} Qb3 {[%clk 0:00:42]} 103. Qe4+
{[%clk 0:00:30]} Qd3 {[%clk 0:00:47]} 104. Qa4+ {[%clk 0:00:30]} Kc1
{[%clk 0:00:36]} 105. Qf4+ {[%clk 0:00:36]} Kb1 {[%clk 0:00:43]} 106. Qa4
{[%clk 0:00:39]} Qd5+ {[%clk 0:00:47]} 107. Kh2 {[%clk 0:00:43]} Kc1
{[%clk 0:00:36]} 108. Qf4+ {[%clk 0:00:47]} Kd1 {[%clk 0:00:35]} 109. Qb4
{[%clk 0:00:32]} Qd2 {[%clk 0:00:43]} 110. Qb3+ {[%clk 0:00:20]} Ke1
{[%clk 0:00:41]} 111. Kh1 {[%clk 0:00:18]} Qc1 {[%clk 0:00:32]} 112. Kh2
{[%clk 0:00:00]} 0-1

[Event "Team Championship of Russia (rapid)"]
[Site "Sochi"]
[Date "2015.05.09"]
[Round "6.5"]
[White "Zvjaginsev, Vadim"]
[Black "Kamsky, Gata"]
[Result "1/2-1/2"]
[LiveChessVersion "1.4.4"]
[BlackElo "2675"]
[WhiteElo "2799"]
[BlackTeam "Ladya"]
[WhiteTeam "SHSM-Our Heritage-2"]

1. e4 {[%clk 0:15:17]} e5 {[%clk 0:15:10]} 2. Nf3 {[%clk 0:15:24]} Nc6
{[%clk 0:15:18]} 3. g3 {[%clk 0:15:32]} Nf6 {[%clk 0:15:20]} 4. d3
{[%clk 0:15:40]} Bc5 {[%clk 0:15:14]} 5. Bg2 {[%clk 0:15:48]} d6 {[%clk 0:15:23]}
6. O-O {[%clk 0:15:48]} Bb6 {[%clk 0:14:54]} 7. Nbd2 {[%clk 0:15:45]} a6
{[%clk 0:14:54]} 8. Nc4 {[%clk 0:15:47]} Ba7 {[%clk 0:15:03]} 9. Be3
{[%clk 0:15:35]} Bxe3 {[%clk 0:15:06]} 10. Nxe3 {[%clk 0:15:43]} O-O
{[%clk 0:14:47]} 11. c3 {[%clk 0:15:09]} Ne7 {[%clk 0:14:50]} 12. d4
{[%clk 0:14:41]} Ng6 {[%clk 0:14:53]} 13. Qc2 {[%clk 0:14:13]} Re8
{[%clk 0:15:01]} 14. Rad1 {[%clk 0:14:15]} Qe7 {[%clk 0:15:09]} 15. Rfe1
{[%clk 0:14:07]} b6 {[%clk 0:14:47]} 16. c4 {[%clk 0:13:40]} c5 {[%clk 0:11:09]}
17. Nf5 {[%clk 0:12:49]} Qf8 {[%clk 0:07:33]} 18. Nxd6 {[%clk 0:12:56]} cxd4
{[%clk 0:07:39]} 19. Nxe8 {[%clk 0:12:50]} Nxe8 {[%clk 0:07:28]} 20. c5
{[%clk 0:12:08]} b5 {[%clk 0:06:49]} 21. a4 {[%clk 0:11:26]} b4 {[%clk 0:06:56]}
22. a5 {[%clk 0:10:41]} Nc7 {[%clk 0:06:58]} 23. Rc1 {[%clk 0:10:12]} Rb8
{[%clk 0:07:00]} 24. Nd2 {[%clk 0:10:12]} Ne7 {[%clk 0:06:53]} 25. c6
{[%clk 0:09:47]} Qd8 {[%clk 0:05:12]} 26. Bf1 {[%clk 0:09:24]} Ng6
{[%clk 0:04:37]} 27. Qc5 {[%clk 0:09:16]} f6 {[%clk 0:04:31]} 28. Nc4
{[%clk 0:08:57]} Nf8 {[%clk 0:04:03]} 29. Nd6 {[%clk 0:08:14]} h5
{[%clk 0:03:52]} 30. Bc4+ {[%clk 0:07:46]} Be6 {[%clk 0:04:00]} 31. Nb7
{[%clk 0:07:35]} Qe8 {[%clk 0:03:59]} 32. Qxb4 {[%clk 0:07:36]} h4
{[%clk 0:03:46]} 33. Qb6 {[%clk 0:07:23]} Qe7 {[%clk 0:03:44]} 34. Bxa6
{[%clk 0:07:12]} Nh7 {[%clk 0:03:51]} 35. Bf1 {[%clk 0:06:20]} Ng5
{[%clk 0:03:59]} 36. Bg2 {[%clk 0:06:29]} Kh7 {[%clk 0:03:47]} 37. a6
{[%clk 0:06:04]} Bg4 {[%clk 0:03:44]} 38. Ra1 {[%clk 0:05:52]} Ra8
{[%clk 0:03:31]} 39. Ra3 {[%clk 0:05:55]} d3 {[%clk 0:03:17]} 40. Rxd3
{[%clk 0:05:21]} Rxa6 {[%clk 0:03:26]} 41. Qc5 {[%clk 0:05:12]} Qxc5
{[%clk 0:03:20]} 42. Nxc5 {[%clk 0:05:20]} Rxc6 {[%clk 0:03:29]} 43. b4
{[%clk 0:05:16]} h3 {[%clk 0:03:38]} 44. f3 {[%clk 0:04:50]} Bh5 {[%clk 0:03:34]}
45. f4 {[%clk 0:04:36]} exf4 {[%clk 0:03:05]} 46. gxf4 {[%clk 0:04:28]} Nge6
{[%clk 0:03:14]} 47. Nxe6 {[%clk 0:02:45]} Nxe6 {[%clk 0:03:23]} 48. Rxh3
{[%clk 0:02:42]} Nxf4 {[%clk 0:03:32]} 49. Rxh5+ {[%clk 0:02:09]} Nxh5
{[%clk 0:03:40]} 50. e5 {[%clk 0:02:19]} Re6 {[%clk 0:03:08]} 51. Bd5
{[%clk 0:02:26]} Re7 {[%clk 0:03:17]} 52. e6 {[%clk 0:02:28]} Nf4
{[%clk 0:03:12]} 53. Bc4 {[%clk 0:02:31]} f5 {[%clk 0:03:16]} 54. b5
{[%clk 0:02:25]} Kg6 {[%clk 0:02:36]} 55. Rf1 {[%clk 0:02:26]} Kg5
{[%clk 0:02:12]} 56. b6 {[%clk 0:02:17]} Rb7 {[%clk 0:01:59]} 57. Re1
{[%clk 0:01:56]} Ng6 {[%clk 0:02:05]} 58. Rb1 {[%clk 0:01:57]} Ne7
{[%clk 0:02:06]} 59. Bf1 {[%clk 0:01:06]} Kf6 {[%clk 0:01:24]} 60. Bg2
{[%clk 0:01:15]} Rb8 {[%clk 0:01:33]} 61. b7 {[%clk 0:01:23]} Kxe6
{[%clk 0:01:25]} 62. h4 {[%clk 0:01:04]} Kd7 {[%clk 0:01:21]} 63. h5
{[%clk 0:01:00]} Ng8 {[%clk 0:00:44]} 64. Kf2 {[%clk 0:00:56]} Nf6
{[%clk 0:00:53]} 65. Bf3 {[%clk 0:01:05]} Kc7 {[%clk 0:01:02]} 66. Rc1+
{[%clk 0:01:12]} Kd7 {[%clk 0:00:51]} 67. Rh1 {[%clk 0:00:52]} Kc7
{[%clk 0:00:33]} 68. Ke3 {[%clk 0:00:44]} Rh8 {[%clk 0:00:42]} 69. Rc1+
{[%clk 0:00:38]} Kb8 {[%clk 0:00:50]} 70. Ra1 {[%clk 0:00:47]} Kc7
{[%clk 0:01:00]} 71. Rc1+ {[%clk 0:00:31]} Kb8 {[%clk 0:01:09]} 72. Ra1
{[%clk 0:00:33]} Kc7 {[%clk 0:01:18]} 73. Ra7 {[%clk 0:00:36]} Rb8
{[%clk 0:01:22]} 74. Ra6 {[%clk 0:00:40]} Nxh5 {[%clk 0:01:17]} 75. Rc6+
{[%clk 0:00:42]} Kxb7 {[%clk 0:01:19]} 76. Rg6+ {[%clk 0:00:51]} Kc7
{[%clk 0:01:26]} 77. Bxh5 {[%clk 0:01:00]} Rb4 {[%clk 0:01:28]} 78. Bf3
{[%clk 0:01:04]} Kd7 {[%clk 0:01:33]} 79. Bd5 {[%clk 0:01:06]} Rg4
{[%clk 0:01:38]} 1/2-1/2

[Event "Team Championship of Russia (rapid)"]
[Site "Sochi"]
[Date "2015.05.09"]
[Round "6.6"]
[White "Artemiev, Vladislav"]
[Black "Dubov, Daniil"]
[Result "1/2-1/2"]
[LiveChessVersion "1.4.4"]
[BlackElo "2686"]
[WhiteElo "2562"]
[BlackTeam "SHSM-Our Heritage-2"]
[WhiteTeam "Ladya"]

1. Nf3 {[%clk 0:14:57]} Nf6 {[%clk 0:15:03]} 2. c4 {[%clk 0:14:51]} c6
{[%clk 0:15:10]} 3. d4 {[%clk 0:14:45]} d5 {[%clk 0:15:18]} 4. e3
{[%clk 0:14:53]} Bg4 {[%clk 0:15:26]} 5. Qb3 {[%clk 0:14:42]} Qb6
{[%clk 0:15:18]} 6. Nc3 {[%clk 0:14:48]} e6 {[%clk 0:15:26]} 7. Nh4
{[%clk 0:14:52]} Bh5 {[%clk 0:15:13]} 8. h3 {[%clk 0:14:57]} g5 {[%clk 0:15:22]}
9. Nf3 {[%clk 0:14:58]} Rg8 {[%clk 0:15:30]} 10. Ne5 {[%clk 0:14:23]} Nfd7
{[%clk 0:15:06]} 11. Nd3 {[%clk 0:14:28]} Qxb3 {[%clk 0:14:37]} 12. axb3
{[%clk 0:14:35]} Bg6 {[%clk 0:14:45]} 13. Bd2 {[%clk 0:11:50]} Na6
{[%clk 0:14:22]} 14. Be2 {[%clk 0:11:56]} Nb4 {[%clk 0:11:15]} 15. Nxb4
{[%clk 0:12:02]} Bxb4 {[%clk 0:11:23]} 16. Na4 Bxd2+ {[%clk 0:11:10]} 17. Kxd2
{[%clk 0:10:45]} Ke7 {[%clk 0:11:05]} 18. h4 {[%clk 0:10:02]} h6 {[%clk 0:11:10]}
19. Nc3 {[%clk 0:09:24]} Nf6 {[%clk 0:10:24]} 20. g4 {[%clk 0:08:04]} Ne4+
{[%clk 0:07:32]} 21. Nxe4 {[%clk 0:06:56]} Bxe4 {[%clk 0:07:40]} 22. f3
{[%clk 0:07:05]} Bg6 {[%clk 0:07:47]} 23. b4 {[%clk 0:06:43]} dxc4
{[%clk 0:07:00]} 24. Bxc4 {[%clk 0:06:50]} h5 {[%clk 0:06:59]} 25. hxg5
{[%clk 0:06:03]} hxg4 {[%clk 0:07:07]} 26. fxg4 {[%clk 0:05:25]} Be4
{[%clk 0:06:47]} 27. Rh5 {[%clk 0:05:31]} Bg6 {[%clk 0:06:56]} 28. Rh6
{[%clk 0:04:49]} Be4 {[%clk 0:07:05]} 29. Ra5 {[%clk 0:02:48]} b5
{[%clk 0:06:41]} 30. Be2 {[%clk 0:02:56]} Rxg5 {[%clk 0:06:49]} 31. Rh5
{[%clk 0:02:14]} Kf6 {[%clk 0:06:57]} 32. Ra1 {[%clk 0:02:14]} Rxh5
{[%clk 0:06:05]} 33. gxh5 {[%clk 0:02:23]} Rg8 {[%clk 0:06:14]} 34. Rxa7
{[%clk 0:01:04]} Rg2 {[%clk 0:06:19]} 35. Ke1 {[%clk 0:01:10]} Rh2
{[%clk 0:05:47]} 36. Ra3 {[%clk 0:00:19]} Kg5 {[%clk 0:05:33]} 37. Ra7
{[%clk 0:00:28]} Kf6 {[%clk 0:05:37]} 38. Ra3 {[%clk 0:00:18]} Kg5
{[%clk 0:05:46]} 39. Ra7 {[%clk 0:00:27]} Kf6 {[%clk 0:05:55]} 40. Ra3
{[%clk 0:00:36]} 1/2-1/2